| 000 | 00507nam a2200181Ia 4500 | ||
|---|---|---|---|
| 999 |
_c1679 _d1679 |
||
| 003 | OSt | ||
| 005 | 20201222101808.0 | ||
| 008 | 190216s9999||||xx |||||||||||||| ||und|| | ||
| 020 | _a9788126128761 | ||
| 040 | _coclc | ||
| 082 |
_a580.3 _bSIN/E |
||
| 100 |
_aSingh, Satyavir _97745 |
||
| 245 | 0 |
_aEncyclopaedia Of Botany / _cSatyavir Singh |
|
| 260 |
_bAnmol Publications, _aNew Delhi: _c2006. |
||
| 300 | _a273p | ||
| 650 | _aBotany | ||
| 942 |
_cREF _2ddc _h580.3 _iSIN/E _k580.3 _mSIN/E |
||